Search the Library Catalogue
| 000 -LEADER | |
|---|---|
| fixed length control field | 00658nam a2200217Ia 4500 |
| 008 - FIXED-LENGTH DATA ELEMENTS--GENERAL INFORMATION | |
| fixed length control field | 191130s2010##################000#0#eng## |
| 020 ## - INTERNATIONAL STANDARD BOOK NUMBER | |
| International Standard Book Number | 9788175545441 |
| 040 ## - CATALOGING SOURCE | |
| Original cataloging agency | ACL |
| Transcribing agency | ACL |
| 082 ## - DEWEY DECIMAL CLASSIFICATION NUMBER | |
| Classification number | 338.47 CAL |
| 100 ## - MAIN ENTRY--PERSONAL NAME | |
| Personal name | Callingham, Martin |
| 245 ## - TITLE STATEMENT | |
| Title | Market intelligence : how and why organizations use market research |
| Statement of responsibility, etc. | Martin Callingham |
| 250 ## - EDITION STATEMENT | |
| Edition statement | 1st Indian ed |
| 260 ## - PUBLICATION, DISTRIBUTION, ETC. | |
| Place of publication, distribution, etc. | London |
| Name of publisher, distributor, etc. | Kogan Page |
| Date of publication, distribution, etc. | 2010 |
| 300 ## - PHYSICAL DESCRIPTION | |
| Extent | viii, 223 p |
| 500 ## - GENERAL NOTE | |
| General note | Includes bibliographical references and index |
| 650 ## - SUBJECT ADDED ENTRY--TOPICAL TERM | |
| Topical term or geographic name entry element | Market research |
| Topical term or geographic name entry element | Production |
| 990 ## - EQUIVALENCES OR CROSS-REFERENCES [LOCAL, CANADA] | |
| Link information for 9XX fields | 94554206ac10000c59e4be678a36a6cb |
| 991 ## - | |
| -- | 205089 |
| Withdrawn status | Lost status | Materials specified (bound volume or other part) | Damaged status | Not for loan | Home library | Current library | Shelving location | Date acquired | Total Checkouts | Full call number | Barcode | Date last seen | Price effective from | Koha item type | Date last checked out |
|---|---|---|---|---|---|---|---|---|---|---|---|---|---|---|---|
| pbk | Anna Centenary Library | Anna Centenary Library | 4TH FLOOR, A WING | 09.10.2020 | 338.47 CAL | 311811 | 09.10.2020 | 09.10.2020 | English Books | ||||||
| pbk | Anna Centenary Library | Anna Centenary Library | 4TH FLOOR, A WING | 09.10.2020 | 338.47 CAL | 580554 | 09.10.2020 | 09.10.2020 | English Books | ||||||
| pbk | Anna Centenary Library | Anna Centenary Library | 4TH FLOOR, A WING | 09.10.2020 | 2 | 338.47 CAL | 580555 | 28.05.2025 | 09.10.2020 | English Books | 27.04.2025 |